| 000 | 00507nam a2200145 a 4500 | ||
|---|---|---|---|
| 008 | 120416s0000 ||||||||||||||||| || u | ||
| 020 | _a0821321064 | ||
| 050 | _aIBRD(08)TP | ||
| 100 | _aBrown, Ellen P | ||
| 245 | 1 | 0 | _aSuccessful small-scale irrigation in the Sahel |
| 260 |
_aWashington, D.C. _bWorld Bank _c1992 |
||
| 300 | _axii, 65p. : ill. | ||
| 350 | _a0.00 | ||
| 995 |
_D0.00 _FCBU-MAIN LIBRARY (Kitwe) _H1 _I0.00 _UAVAILABLE _ZInternational Publications |
||
| 999 |
_c59063 _d59063 |
||